| 000 | 00689nam a2200217 u 4500 | ||
|---|---|---|---|
| 005 | 20240228063927.0 | ||
| 008 | 080519s2000 mx r 000 0 spa d | ||
| 020 | _a945426451 | ||
| 035 | _aUPN01000155949 | ||
| 049 | _aI | ||
| 050 | 4 |
_aPZ71 _bR4.77 |
|
| 100 | 1 | _aRead Escobal, Virginia | |
| 245 | 1 | 0 |
_aTres moñitos no ; Carlitos James busca un cundeamor / _cVirginia Read Escobar. |
| 260 |
_aSanto Domingo : _bSM, _c[200?] |
||
| 300 |
_a63 p. : _bprincipalmente il. col. |
||
| 440 | 3 |
_aEl barco de vapor ; _v2 |
|
| 650 | 4 |
_aCUENTOS INFANTILES DOMINICANOS _910895 |
|
| 650 | 4 |
_aLibros y lectura para niños _92290 |
|
| 740 | 0 | _aCarlitos James busca un cundeamor | |
| 905 | _aInfantil | ||
| 999 |
_c128063 _d128063 |
||